| 000 | 00908nam a22002177a 4500 | ||
|---|---|---|---|
| 005 | 20240201152133.0 | ||
| 010 | _aHIN-126723 | ||
| 020 |
_a9788196218485 _c495.00 |
||
| 035 | _aHN-99069 | ||
| 037 | _bDBAD/PUB | ||
| 082 | _aक | ||
| 100 |
_aकबीर संजय _961541 |
||
| 245 |
_aफेंगशुई/ _cकबीर संजय |
||
| 260 |
_aआगरा _bलोकभारती प्रकाशन _c 2023 |
||
| 270 |
_aपहली मंजिल,दरबारी बिल्डिंग महात्मा गाँधी मार्ग _bप्रयागराज _e211001 |
||
| 270 |
_a1-बी नेताजी सुभाष मार्ग दरियागंज _bनई दिल्ली _e110002 |
||
| 300 |
_a157 पृ.; _c21 सेमी.(सजिल्द) |
||
| 700 |
_e _961527 |
||
| 710 | _961536 | ||
| 942 |
_2ddc _cHN _hक _mकबीर |
||
| 999 |
_c200504 _d200504 |
||